书目信息 |
| 题名: |
左道夜谈
|
|
| 作者: | 左左 著 | |
| 分册: | ||
| 出版信息: | 北京 中国书店 2019 |
|
| 页数: | 267页 | |
| 开本: | 24cm | |
| 丛书名: | ||
| 单 册: | ||
| 中图分类: | I235.3 | |
| 科图分类: | ||
| 主题词: | 广播剧本--作品集--中国--当代 | |
| 电子资源: | ||
| ISBN: | 978-7-5149-2017-8 | |
| 000 | 01055nam0 2200229 450 | |
| 001 | 012001011356 | |
| 005 | 20131017172755.0 | |
| 010 | @a978-7-5149-2017-8@dCNY37.00 | |
| 100 | @a20190921d2019 em y0chiy50 ea | |
| 101 | 0 | @achi |
| 102 | @aCN@b110000 | |
| 105 | @ay z 000by | |
| 106 | @ar | |
| 200 | 1 | @a左道夜谈@Azuo dao ye tan@f左左[等]著 |
| 210 | @a北京@c中国书店@d2019 | |
| 215 | @a267页@d24cm | |
| 330 | @a《左道夜谈》为同名广播剧内容整理出版作品。《左道夜谈》分起始篇、江湖篇、旁篇、前传、世道篇、人心篇共六个篇章,33个故事。“江湖篇”孤山就是孤山,没有名字,北面有一片湖,名叫“镜湖”,相传,这里的湖水是由一面镜子化成的。 “世道篇”六百年后,“镜湖”已成为度假村,山脚下住着一老一小,一个养花弄草,一个专心画画,画着过客们的过去与未来 。“人心篇”人世有情,相连的红线彼此不停的缠绕。不断晃动的影子,难测的命运,迷惑的道路,渴望守护的,是自己,是他人,或是永恒的梦。 | |
| 606 | 0 | @a广播剧本@x作品集@y中国@z当代 |
| 690 | @aI235.3@v5 | |
| 701 | 0 | @a左左@Azuo zuo@4著 |
| 801 | 0 | @aCN@b上海新华@c20191020 |
| 905 | @b1183080-3@dI235.3@e217@f4 | |
| 左道夜谈/左左[等]著.-北京:中国书店,2019 |
| 267页;24cm |
| ISBN 978-7-5149-2017-8:CNY37.00 |
| 《左道夜谈》为同名广播剧内容整理出版作品。《左道夜谈》分起始篇、江湖篇、旁篇、前传、世道篇、人心篇共六个篇章,33个故事。“江湖篇”孤山就是孤山,没有名字,北面有一片湖,名叫“镜湖”,相传,这里的湖水是由一面镜子化成的。 “世道篇”六百年后,“镜湖”已成为度假村,山脚下住着一老一小,一个养花弄草,一个专心画画,画着过客们的过去与未来 。“人心篇”人世有情,相连的红线彼此不停的缠绕。不断晃动的影子,难测的命运,迷惑的道路,渴望守护的,是自己,是他人,或是永恒的梦。 |
| ● |
| 相关链接 |
|
|
|
|
正题名:左道夜谈
索取号:I235.3/217
 
预约/预借
| 序号 | 登录号 | 条形码 | 馆藏地/架位号 | 状态 | 备注 |
| 1 | 1183080 | 211830802 | 第一样本阅览室/ [索取号:I235.3/217] | 在馆 | |
| 2 | 1183081 | 211830811 | 第二借阅区/ [索取号:I235.3/217] | 在馆 | |
| 3 | 1183082 | 211830820 | 第二借阅区/ [索取号:I235.3/217] | 在馆 | |
| 4 | 1183083 | 211830839 | 第二借阅区/ [索取号:I235.3/217] | 在馆 |